Glastonbury Headliners 2000 Onwards - Sudden Death - Statistics

General Stats
  • This quiz has been taken 49 times
  • The average score is 9 of 23
Answers on the Grid
Answers color-coded by a green-red scale on the quiz's grid according to % correct below.
David Bowie
Busta Rhymes
Kanye West
Foo Fighters
Ed Sheeran
Nate Dogg
Dua Lipa
Roxette
AC/DC
Aerosmith
Evanescence
David Hasselhoff
Elton John
Judas Priest
Rod Stewart
Beyonce
Kendrick Lamar
Taylor Swift
The Who
The Rolling Stones
Adele
Jelly Roll
Paris Jackson
Jamie Foxx
Pearl Jam
Paul McCartney
Jay-Z
Charli XCX
Linkin Park
Coldplay
U2
Stevie Wonder
Snoop Dogg
Metallica
Shakira
Katy Perry
SZA
Lorde
Eurythmics
Olivia Rodrigo
Bruce Springsteen
Post Malone
Oasis
Burna Boy
Wiz Khalifa
Alice in Chains
Black Sabbath
Wu-Tang Clan
Gorillaz
Radiohead
 
Answer Stats
Answer % Correct
Dua Lipa
68%
David Bowie
58%
Ed Sheeran
58%
Foo Fighters
58%
Kanye West
58%
Adele
45%
Beyonce
45%
Elton John
45%
Paul McCartney
42%
Coldplay
39%
Jay-Z
39%
The Rolling Stones
39%
Kendrick Lamar
35%
Olivia Rodrigo
32%
Radiohead
32%
Rod Stewart
29%
U2
29%
Gorillaz
26%
SZA
26%
Metallica
23%
The Who
23%
Bruce Springsteen
16%
Stevie Wonder
10%
No matching quizzes found
Score Distribution
Percent of People with Each Score
Percentile by Number Answered
Your Score History
You have not taken this quiz